000 00422nam a22001697a 4500
005 20230111122215.0
008 221217b |||||||| |||| 00| 0 eng d
020 _a978-14441-9013-7
041 _aeng
082 _a121 KAY-P
100 _aKAYE,SHARON
_97376
245 _aPHILOSOPHY A COMPLETE INTRODUCTION
260 _aNEW DELHI
_bAFFILIATED EASTWEST PRESS
300 _a225;P.
650 _aLAW
_95701
942 _cBK
999 _c8093
_d8091